| 000 | 00739nam a22002057a 4500 | ||
|---|---|---|---|
| 003 | OSt | ||
| 005 | 20260202001213.0 | ||
| 008 | 260202b |||||||| |||| 00| 0 eng d | ||
| 020 | _a9781444000702 | ||
| 040 |
_aDWCL GS library _cOC |
||
| 082 | _aFic. C652 2010 | ||
| 100 | _aCoats, Lucy | ||
| 245 |
_athe fire breather _cCoats, Lucy |
||
| 260 |
_aGreat Britain _bOrion Children's Book _cc2010 |
||
| 300 |
_a79 _billustrations _c20cm |
||
| 520 | _aAtticus the storyteller is on a quest. As he travels, Atticus tells tales of fearsome monsters and fabulous beasts, gods and goddesses, heroes and heroines. | ||
| 546 | _aEnglish | ||
| 700 | _aLucy Coats | ||
| 942 |
_2ddc _cFIC. _hFic. C652 2010 _n0 |
||
| 999 |
_c8070 _d8070 |
||